[Event "Balkan Youth Online-ch 2020"]
[Site "Online"]
[Date "2020.10.31"]
[Round "2.76"]
[White "Tsekoura, Vaia"]
[Black "Shuqja, Klean"]
[Result "0-1"]
[WhiteElo "1488"]
[BlackElo "1838"]
[Annotator "NA RC"]
[PlyCount "50"]
[EventDate "2020.10.31"]
[EventType "swiss"]
[SourceTitle "playchess.com"]
[Source "ChessBase"]
[SourceQuality "1"]
[TimeControl "5400+30"]

1. e4 {[%emt 1:05:20]} e6 {[%emt 1:05:24]} 2. f4 {[%emt 0:00:45]} d5 {[%emt 0:00:29]} 3. e5 {[%emt 0:00:24]} c5 {[%emt 0:00:34]} 4. Nf3 {[%emt 0:00:31]} Nc6 {[%emt 0:00:29]} 5. c3 {[%emt 0:00:29]} d4 {[%emt 0:01:34]} 6. Bd3 {[%emt 0:00:39]} Nge7 {[%emt 0:01:13]} 7. O-O {[%emt 0:00:54]} Nd5 {[%emt 0:01:10]} 8. g3 {[%emt 0:00:51]} Be7 {[%emt 0:01:07]} 9. Na3 {[%emt 0:01:04]} O-O {[%emt 0:01:35]} 10. Nc2 {[%emt 0:01:35]} Nb6 {[%emt 0:02:54]} 11. b3 {[%emt 0:02:49]} Nd5 {[%emt 0:02:05]} 12. Bb2 {[%emt 0:01:36]} dxc3 {[%emt 0:02:45]} 13. dxc3 {[%emt 0:00:28]} Qc7 {[%emt 0:01:40]} 14. Qe2 {[%emt 0:02:05]} a6 {[%emt 0:01:33]} 15. Ne3 {[%emt 0:05:03]} Nxe3 {[%emt 0:01:37]} 16. Qxe3 {[%emt 0:00:25]} b6 {[%emt 0:02:48]} 17. Nd2 {[%emt 0:03:03]} c4 {[%emt 0:01:46]} 18. Bxh7+ {[%emt 0:01:21]} Kxh7 {[%emt 0:00:26]} 19. Qe4+ {[%emt 0:00:24]} Kg8 {[%emt 0:00:28]} 20. Nxc4 {[%emt 0:00:52]} Bc5+ {[%emt 0:01:15]} 21. Ne3 {[%emt 0:00:39]} Bb7 {[%emt 0:00:46]} 22. Qd3 {[%emt 0:01:07]} Ne7 {[%emt 0:00:55]} 23. b4 {[%emt 0:00:37]} Bxe3+ {[%emt 0:00:40]} 24. Qxe3 {[%emt 0:00:24]} Nf5 {[%emt 0:00:32]} 25. Qd3 {[%emt 0:01:33]} Qc6 {[%emt 0:00:40]} 0-1

[Event "Balkan Youth Online-ch 2020"]
[Site "Online"]
[Date "2020.10.31"]
[Round "2.77"]
[White "Mitkova, Victoria-Elizabeth"]
[Black "Puia, Alexia-Teodora"]
[Result "0-1"]
[WhiteElo "1105"]
[BlackElo "1697"]
[Annotator "NA RC"]
[PlyCount "74"]
[EventDate "2020.10.31"]
[EventType "swiss"]
[SourceTitle "playchess.com"]
[Source "ChessBase"]
[SourceQuality "1"]
[TimeControl "5400+30"]

1. e4 {[%emt 1:05:20]} c5 {[%emt 1:05:23]} 2. Nf3 {[%emt 0:00:23]} e6 {[%emt 0:00:23]} 3. d4 {[%emt 0:00:25]} cxd4 {[%emt 0:00:22]} 4. Nxd4 {[%emt 0:00:22]} Nc6 {[%emt 0:00:22]} 5. Nxc6 {[%emt 0:00:29]} bxc6 {[%emt 0:00:22]} 6. Nc3 {[%emt 0:00:32]} Qc7 {[%emt 0:00:23]} 7. Bc4 {[%emt 0:00:43]} Nf6 {[%emt 0:00:38]} 8. Bg5 {[%emt 0:00:42]} Be7 {[%emt 0:00:28]} 9. Qd2 {[%emt 0:00:40]} h6 {[%emt 0:00:40]} 10. Bh4 {[%emt 0:00:36]} O-O {[%emt 0:00:27]} 11. Bg3 {[%emt 0:00:33]} d6 {[%emt 0:00:50]} 12. O-O-O {[%emt 0:00:33]} Rd8 {[%emt 0:00:31]} 13. f3 {[%emt 0:00:49]} Rb8 {[%emt 0:00:40]} 14. Qe3 {[%emt 0:00:52]} Qb7 {[%emt 0:00:43]} 15. b3 {[%emt 0:00:30]} d5 {[%emt 0:00:35]} 16. exd5 {[%emt 0:00:57]} cxd5 {[%emt 0:01:54]} 17. Be2 {[%emt 0:00:45]} Ra8 {[%emt 0:00:55]} 18. Qf2 {[%emt 0:02:16]} Ba3+ {[%emt 0:00:38]} 19. Kb1 {[%emt 0:00:34]} Bd7 {[%emt 0:00:49]} 20. Bh4 {[%emt 0:00:51]} Be7 {[%emt 0:00:41]} 21. Bd3 {[%emt 0:00:52]} a5 {[%emt 0:01:09]} 22. Ka1 {[%emt 0:00:44]} Qb4 {[%emt 0:01:17]} 23. Bxf6 {[%emt 0:01:54]} Bxf6 {[%emt 0:00:27]} 24. Kb1 {[%emt 0:00:54]} Qxc3 {[%emt 0:00:26]} 25. Kc1 {[%emt 0:00:27]} Qb2+ {[%emt 0:01:46]} 26. Kd2 {[%emt 0:00:29]} Rdc8 {[%emt 0:00:37]} 27. a4 {[%emt 0:00:44]} Rab8 {[%emt 0:00:51]} 28. Ke1 {[%emt 0:00:29]} e5 {[%emt 0:01:11]} 29. Kf1 {[%emt 0:00:39]} Re8 {[%emt 0:01:00]} 30. Re1 {[%emt 0:00:41]} Rbc8 {[%emt 0:01:15]} 31. g3 {[%emt 0:01:19]} Bh3+ {[%emt 0:00:37]} 32. Kg1 {[%emt 0:00:30]} e4 {[%emt 0:00:22]} 33. fxe4 {[%emt 0:00:35]} Bd4 {[%emt 0:00:24]} 34. Re3 {[%emt 0:00:41]} Qc1+ {[%emt 0:00:25]} 35. Bf1 {[%emt 0:00:26]} Bxe3 {[%emt 0:00:23]} 36. exd5 {[%emt 0:00:45]} Bxf2+ {[%emt 0:00:24]} 37. Kxf2 {[%emt 0:00:23]} Qe3# {[%emt 0:00:22]} 0-1

[Event "Balkan Youth Online-ch 2020"]
[Site "Online"]
[Date "2020.10.31"]
[Round "2.78"]
[White "Mandic, Anastasija"]
[Black "Zrmanovska, Mihaela"]
[Result "0-1"]
[WhiteElo "1130"]
[BlackElo "1300"]
[Annotator "NA RC"]
[PlyCount "74"]
[EventDate "2020.10.31"]
[EventType "swiss"]
[SourceTitle "playchess.com"]
[Source "ChessBase"]
[SourceQuality "1"]
[TimeControl "5400+30"]

1. e4 {[%emt 1:05:20]} c5 {[%emt 1:05:24]} 2. Nf3 {[%emt 0:00:23]} a6 {[%emt 0:00:34]} 3. d4 {[%emt 0:00:29]} cxd4 {[%emt 0:00:30]} 4. Nxd4 {[%emt 0:00:22]} Nf6 {[%emt 0:00:46]} 5. Nc3 {[%emt 0:00:24]} e5 {[%emt 0:02:22]} 6. Nf5 {[%emt 0:00:55]} d5 {[%emt 0:01:09]} 7. Ng3 {[%emt 0:02:44]} d4 {[%emt 0:04:38]} 8. Nce2 {[%emt 0:02:03]} Nbd7 {[%emt 0:02:35]} 9. c3 {[%emt 0:01:00]} Qa5 {[%emt 0:06:37]} 10. Bd2 {[%emt 0:00:54]} Nc5 {[%emt 0:00:42]} 11. Qc2 {[%emt 0:01:46]} d3 {[%emt 0:01:14]} 12. Qb1 {[%emt 0:03:23]} dxe2 {[%emt 0:01:34]} 13. Bxe2 {[%emt 0:00:24]} Qa4 {[%emt 0:01:07]} 14. b3 {[%emt 0:01:05]} Qc6 {[%emt 0:00:41]} 15. Bf3 {[%emt 0:00:50]} Bd6 {[%emt 0:01:11]} 16. O-O {[%emt 0:00:29]} O-O {[%emt 0:00:29]} 17. Rd1 {[%emt 0:00:36]} Bg4 {[%emt 0:01:13]} 18. Bxg4 {[%emt 0:01:29]} Nxg4 {[%emt 0:00:24]} 19. b4 {[%emt 0:00:33]} Na4 {[%emt 0:00:48]} 20. Qb3 {[%emt 0:01:37]} Rac8 {[%emt 0:00:58]} 21. Rac1 {[%emt 0:00:46]} Nb6 {[%emt 0:00:36]} 22. h3 {[%emt 0:01:03]} Nf6 {[%emt 0:00:30]} 23. Be3 {[%emt 0:00:30]} Nc4 {[%emt 0:00:42]} 24. Nf5 {[%emt 0:01:04]} Rfd8 {[%emt 0:02:32]} 25. Nxd6 {[%emt 0:01:37]} Rxd6 {[%emt 0:00:31]} 26. Bc5 {[%emt 0:00:59]} Rxd1+ {[%emt 0:00:53]} 27. Rxd1 {[%emt 0:00:23]} Qxe4 {[%emt 0:00:35]} 28. f3 {[%emt 0:04:11]} Qf4 {[%emt 0:00:50]} 29. Re1 {[%emt 0:00:55]} b6 {[%emt 0:00:38]} 30. Be7 {[%emt 0:00:39]} Nd5 {[%emt 0:00:47]} 31. Bd6 {[%emt 0:01:17]} Nde3 {[%emt 0:00:48]} 32. Be7 {[%emt 0:01:01]} Qg3 {[%emt 0:00:26]} 33. Re2 {[%emt 0:00:56]} Re8 {[%emt 0:00:33]} 34. Bd6 {[%emt 0:01:33]} Rd8 {[%emt 0:00:28]} 35. Be7 {[%emt 0:00:25]} Rd1+ {[%emt 0:00:24]} 36. Qxd1 {[%emt 0:00:38]} Nxd1 {[%emt 0:00:23]} 37. Re4 {[%emt 0:00:31]} Nce3 {[%emt 0:00:27]} 0-1

[Event "Balkan Youth Online-ch 2020"]
[Site "Online"]
[Date "2020.10.31"]
[Round "2.80"]
[White "Lusheska, Elena"]
[Black "Chicarosie, Ioana-Bianca"]
[Result "0-1"]
[WhiteElo "1086"]
[BlackElo "1521"]
[Annotator "NA RC"]
[PlyCount "66"]
[EventDate "2020.10.31"]
[EventType "swiss"]
[SourceTitle "playchess.com"]
[Source "ChessBase"]
[SourceQuality "1"]
[TimeControl "5400+30"]

1. d4 {[%emt 1:05:20]} d5 {[%emt 1:05:24]} 2. Nc3 {[%emt 0:00:23]} Nf6 {[%emt 0:00:24]} 3. Bf4 {[%emt 0:00:24]} e6 {[%emt 0:00:44]} 4. Nb5 {[%emt 0:00:27]} Na6 {[%emt 0:01:11]} 5. a4 {[%emt 0:00:42]} c6 {[%emt 0:00:45]} 6. Na3 {[%emt 0:00:25]} Bd6 {[%emt 0:00:34]} 7. Bg3 {[%emt 0:00:40]} O-O {[%emt 0:00:49]} 8. e3 {[%emt 0:00:23]} Nc7 {[%emt 0:00:34]} 9. Bd3 {[%emt 0:00:38]} b6 {[%emt 0:00:55]} 10. c3 {[%emt 0:00:43]} Bb7 {[%emt 0:00:25]} 11. Nf3 {[%emt 0:00:31]} c5 {[%emt 0:00:44]} 12. Be5 {[%emt 0:01:05]} a6 {[%emt 0:02:24]} 13. Nb1 {[%emt 0:01:05]} Bxe5 {[%emt 0:01:17]} 14. Nxe5 {[%emt 0:00:29]} c4 {[%emt 0:00:35]} 15. Bc2 {[%emt 0:00:25]} b5 {[%emt 0:00:25]} 16. Nd2 {[%emt 0:00:41]} Qd6 {[%emt 0:00:40]} 17. Bb1 {[%emt 0:01:42]} b4 {[%emt 0:00:43]} 18. Qc2 {[%emt 0:00:33]} g6 {[%emt 0:00:59]} 19. cxb4 {[%emt 0:00:57]} Qxb4 {[%emt 0:00:30]} 20. Qc3 {[%emt 0:00:35]} a5 {[%emt 0:01:02]} 21. O-O {[%emt 0:02:02]} Rfd8 {[%emt 0:01:00]} 22. Rd1 {[%emt 0:02:13]} Nd7 {[%emt 0:00:28]} 23. Ndf3 {[%emt 0:01:15]} f6 {[%emt 0:00:52]} 24. Nxd7 {[%emt 0:00:50]} Rxd7 {[%emt 0:00:25]} 25. Bc2 {[%emt 0:00:50]} Na6 {[%emt 0:01:04]} 26. Rab1 {[%emt 0:01:25]} Rc7 {[%emt 0:00:52]} 27. Qd2 {[%emt 0:00:43]} Rac8 {[%emt 0:02:17]} 28. Qc3 {[%emt 0:00:54]} Bc6 {[%emt 0:00:53]} 29. Ra1 {[%emt 0:01:35]} Rb7 {[%emt 0:00:53]} 30. Rdb1 {[%emt 0:00:56]} Rcb8 {[%emt 0:00:44]} 31. Ra2 {[%emt 0:00:48]} Qxc3 {[%emt 0:00:33]} 32. bxc3 {[%emt 0:00:27]} Rxb1+ {[%emt 0:00:22]} 33. Bxb1 {[%emt 0:00:25]} Rxb1+ {[%emt 0:00:23]} 0-1

[Event "Balkan Youth Online-ch 2020"]
[Site "Online"]
[Date "2020.10.31"]
[Round "2.82"]
[White "Ciolacu, Alessia-Mihaela"]
[Black "Popovic, Mateja"]
[Result "1-0"]
[WhiteElo "2052"]
[BlackElo "1592"]
[Annotator "TA"]
[PlyCount "119"]
[EventDate "2020.10.31"]
[EventType "swiss"]
[SourceTitle "playchess.com"]
[Source "ChessBase"]
[SourceQuality "1"]

{[%evp 9,119,36,68,37,44,48,75,58,123,86,109,110,124,95,126,97,106,96,91,93,126,128,145,111,114,105,115,93,131,116,114,98,146,152,181,187,167,170,161,150,143,160,191,185,186,207,207,207,206,199,196,156,178,158,159,154,176,160,173,117,115,103,116,109,132,104,122,108,146,147,138,90,100,92,124,124,118,118,118,118,124,124,125,125,125,110,135,135,135,111,135,135,132,60,107,107,111,111,163,159,12803,11166,1114,856,605,420,12841,12841,12841,12841,29982,12843]} 1. Nf3 Nf6 2. c4 d6 3. Nc3 e5 4. d4 exd4 5. Nxd4 c5 6. Nf3 {A54: Old Indian Defence with Nf3, but without e4.} Be6 7. e4 {[#]} Qa5 $146 ({Predecessor:} 7... h6 8. Be2 Nc6 9. O-O Be7 10. Nd5 Nxd5 11. exd5 Ne5 12. dxe6 Nxf3+ 13. Bxf3 f6 {1-0 (49) Yardley,W-Reynosa,J ICC INT 2009}) 8. Bd2 {White is better.} Qa6 ({Better is} 8... Nc6 $14) 9. b3 Nbd7 10. Be2 Be7 11. h3 Qc6 12. Qc2 h6 13. Bf4 O-O 14. Rd1 Rfd8 15. O-O Nf8 16. Nd5 Bxd5 17. exd5 Qc7 18. Bd3 N6d7 19. Rfe1 Bf6 20. Re2 Ne5 21. Nxe5 Bxe5 22. Bxe5 dxe5 23. Rde1 $36 {[%mdl 2048] Keeping Black busy.} f6 24. Bf5 Re8 25. f4 Qd6 26. Qc3 Re7 27. fxe5 fxe5 28. Rxe5 Rae8 {[%cal Re7e5]} 29. Rxe7 Rxe7 30. Re3 b6 31. Qe1 Rxe3 32. Qxe3 Kf7 33. a3 Qf6 34. Qf2 (34. Bg4 $18) 34... Ke7 35. Kh2 Qe5+ 36. g3 Qf6 37. a4 g6 38. Qe2+ Kf7 39. Bg4 h5 40. Bf3 Nd7 41. Bg2 Qd6 42. Qf2+ Kg7 43. Qf4 Ne5 44. Be4 Qe7 45. Kg2 Qd6 46. Kf2 Qe7 47. Ke3 Kh7 48. Kd2 Kg7 49. Bf3 Kh7 50. Be2 Kg7 51. g4 ({White should play} 51. h4 $16) 51... hxg4 52. Bxg4 g5 53. Qf5 Nxg4 (53... Nf7 $16 54. Bh5 Ne5) 54. hxg4 $16 {[%mdl 4096] Endgame KQ-KQ} Kg8 $2 {[#] This costs Black the game.} (54... a6 $16 55. Qf3 Qd6) 55. Qg6+ $18 Kf8 56. Kd3 Qe1 57. Qf5+ Ke8 (57... Ke7 $142 58. Qxg5+ Kd7 59. Qf5+ Kc7 60. Qf7+ Kd6 61. Qf4+ (61. Qxa7 Qg3+ 62. Ke4 Qxg4+ 63. Ke3 Qg3+ 64. Ke2 Qg2+ 65. Kd1 Qf3+ 66. Ke1 Qg3+ 67. Kf1 Qf3+ 68. Kg1 Qg3+ 69. Kh1 Qh3+ 70. Kg1 Qg3+ 71. Kh1 Qh3+ 72. Kg1 Qg3+ $11) 61... Kd7 62. Qf7+ Kd6 63. Qf6+ (63. Qxa7 Qg3+ 64. Kd2 Qf2+ 65. Kd3 Qf3+ 66. Kd2 Qf2+ 67. Kd3 Qd4+ 68. Ke2 Qb2+ 69. Kf1 Qc1+ 70. Kf2 Qd2+ 71. Kf3 Qc3+ 72. Kf4 Qe5+ 73. Kf3 Qc3+ 74. Kg2 Qd2+ 75. Kh1 Qd1+ 76. Kh2 Qd2+ 77. Kh3 Qh6+ 78. Kg2 Qd2+ 79. Kh3 Qh6+ 80. Kg3 Qe3+ 81. Kg2 Qe4+ 82. Kh2 Qf4+ 83. Kg2 Qe4+ 84. Kh3 Qe3+ 85. Kg2 Qe2+ 86. Kh3 Qe3+ 87. Kg2 $11) 63... Kd7 64. Qe6+ Qxe6 65. dxe6+ Kxe6) 58. Qe4+ Qxe4+ 59. Kxe4 Kf7 60. Kf5 {Av CentiPawn Loss W=-55/B=125. Weighted=-52/19} 1-0

[Event "Balkan Youth Online-ch 2020"]
[Site "Online"]
[Date "2020.10.31"]
[Round "2.83"]
[White "Elma, Muge"]
[Black "Lehaci, Miruna-Daria"]
[Result "1-0"]
[WhiteElo "1689"]
[BlackElo "2223"]
[Annotator "TA"]
[PlyCount "133"]
[EventDate "2020.10.31"]
[EventType "swiss"]
[SourceTitle "playchess.com"]
[Source "ChessBase"]
[SourceQuality "1"]

{[%evp 16,133,31,27,31,28,32,21,24,-18,23,-4,47,60,23,40,104,100,121,101,106,104,147,125,133,121,158,154,165,177,178,141,168,133,125,124,261,45,46,55,58,36,43,10,11,13,16,0,11,0,58,0,0,0,0,0,0,-28,0,-72,-71,-66,-63,-122,0,0,2484,2266,29986,29987,29994,12836,12837,12837,2145,1316,12845,1332,1091,1270,1187,1193,1119,1087,1039,893,2417,2356,1795,0,1320,1239,1495,1497,1476,1458,1433,1406,1380,1317,12846,12845,12849,12849,12850,12842,12843,12840,12843,12843,12847,12847,12848,12847,12847,12844,12847,12847,12850,12850]} 1. d4 Nf6 2. c4 e6 3. Nf3 b6 4. g3 Ba6 5. Qc2 c5 6. Bg2 Bb7 7. O-O cxd4 8. Nxd4 Bxg2 9. Kxg2 Be7 {E15: Queen's Indian: 4 g3 sidelines, 4 g3 Ba6 and 4 g3 Bb7 early deviations.} 10. Rd1 O-O 11. Bf4 Qc8 {The position is equal.} 12. Nb5 {[#]} Qc6+ $146 ({Predecessor:} 12... a6 13. Bd6 Nc6 14. Bxe7 Nxe7 15. Nd6 Qc6+ 16. Kg1 Nc8 17. Nxc8 Rfxc8 18. Nd2 b5 {0-1 (55) Abramov,I (2049)-Saveliev,A (2361) Moscow 2020}) 13. Kg1 Ne8 (13... d5 $11) 14. Bxb8 $14 Rxb8 15. Nxa7 Qb7 ({Black should play} 15... Qc5 $1 $14) 16. Nb5 $36 {[%mdl 2048] White is really pushing.} Rc8 17. Qd3 Nf6 18. N1c3 Rfd8 19. b3 d5 20. Qf3 Qa6 21. cxd5 Nxd5 22. Nxd5 exd5 23. Nd4 Bf6 24. Qd3 Qa5 25. Qd2 Rc3 {[#]} (25... Qa3 $16 26. e3 g6) 26. Rac1 $2 ({White has to play} 26. b4 $1 $18 {[%cal Rb4a5][%mdl 512]} Qxb4 27. Nc6 $1 {[%mdl 576] Double Attack, Pin}) 26... Rxc1 $14 27. Qxc1 Qxa2 28. Rd2 Qa8 29. Qd1 g6 30. e3 Rc8 31. Rc2 Kg7 32. Kg2 Re8 (32... Rxc2 $11 33. Nxc2 Qa5) 33. b4 (33. Nc6 $14) 33... Qa4 34. Qd2 Re4 35. Ra2 Qe8 36. Nf3 Qb5 37. Nd4 (37. Qd1 $1 $11) 37... Bxd4 $1 $17 38. exd4 {[%mdl 4096] Endgame KQR-KQR} Qc4 39. Ra7 ({Better is} 39. b5 $15) 39... Rxd4 ({Black should try} 39... Qxd4 $17 40. Ra2 b5) 40. Qe3 $11 {Threatens to win with Qe5+.} Re4 $2 {[%mdl 8192] Black is now going downhill.} (40... Qd3 $11) 41. Qf3 $18 Kh6 42. Qxf7 Re2 43. Qxh7+ (43. Qf8+ $142 Kg5 44. h4+ Qxh4 45. gxh4+ Kg4 46. Qf3+ $1 {[%mdl 576] Double Attack} Kxh4 47. Qg3+ Kh5 48. Rxh7#) 43... Kg5 44. h4+ Kf5 45. Qf7+ Ke4 46. Re7+ (46. Ra3 $142 Qc1 47. Qf3+ Ke5 48. Qxe2+ Kd6 49. Rf3 Qc6 50. Rf6+ {[%mdl 64] Double Attack, Skewer} Kc7 51. Rxc6+ Kxc6 52. Qe6+ Kb5 53. Qxg6) 46... Kd3 47. Qf3+ Kd2 {[#]} 48. Rxe2+ $1 Qxe2 49. Qxd5+ {KQ-KQ} Ke1 50. Qd4 {Strongly threatening Qa1+.} Qb5 51. Qe3+ Kd1 52. Qd4+ $2 (52. Qe4 $18 Kc1 53. Qxg6 Qd5+ 54. f3 Qd2+ 55. Kh3 Qd7+ 56. g4) 52... Kc2 $2 {[%mdl 8192]} (52... Ke1 $11 53. Qe4+ Kd2 54. Qxg6 Qd5+ 55. f3 Qa2 56. Qxb6 Ke1+ 57. Kh3 Kf1) 53. Qe4+ {White is clearly winning.} Kb3 54. Qxg6 Qd5+ 55. Kh2 b5 56. h5 Qf3 57. Qb1+ Kc4 58. Qc2+ Kxb4 59. Qd2+ Kc4 60. h6 {White threatens Qf4+ and mate.} Qh5+ 61. Kg2 b4 62. Qc2+ Kd4 63. h7 Kd5 64. Qd3+ Kc5 65. f3 Qh6 66. Qf5+ Kd4 67. Qf4+ {Av CentiPawn Loss W=-85/B=83. Weighted=-88/-30} 1-0

[Event "Balkan Youth Online-ch 2020"]
[Site "Online"]
[Date "2020.10.31"]
[Round "2.86"]
[White "Kouta, Antonia"]
[Black "Anghel, Maria"]
[Result "1-0"]
[WhiteElo "1714"]
[BlackElo "1826"]
[Annotator "NA RC"]
[PlyCount "81"]
[EventDate "2020.10.31"]
[EventType "swiss"]
[SourceTitle "playchess.com"]
[Source "ChessBase"]
[SourceQuality "1"]
[TimeControl "5400+30"]

1. e4 {[%emt 1:05:20]} c6 {[%emt 1:05:27]} 2. d4 {[%emt 0:00:25]} d5 {[%emt 0:00:23]} 3. Nd2 {[%emt 0:00:22]} dxe4 {[%emt 0:00:29]} 4. Nxe4 {[%emt 0:00:22]} Nf6 {[%emt 0:00:23]} 5. Nxf6+ {[%emt 0:00:26]} exf6 {[%emt 0:00:22]} 6. c3 {[%emt 0:00:28]} Bd6 {[%emt 0:00:37]} 7. Nf3 {[%emt 0:01:22]} O-O {[%emt 0:01:07]} 8. Be2 {[%emt 0:00:32]} Bg4 {[%emt 0:00:35]} 9. O-O {[%emt 0:00:39]} Qc7 {[%emt 0:00:27]} 10. h3 {[%emt 0:00:28]} Bh5 {[%emt 0:01:11]} 11. Nh4 {[%emt 0:00:43]} Bg6 {[%emt 0:03:52]} 12. Bd3 {[%emt 0:01:58]} Bh2+ {[%emt 0:02:27]} 13. Kh1 {[%emt 0:00:26]} Bf4 {[%emt 0:00:47]} 14. Qf3 {[%emt 0:02:31]} Bxc1 {[%emt 0:00:52]} 15. Raxc1 {[%emt 0:00:33]} Bxd3 {[%emt 0:01:30]} 16. Qxd3 {[%emt 0:00:23]} Nd7 {[%emt 0:02:42]} 17. Rfe1 {[%emt 0:01:03]} Qf4 {[%emt 0:03:31]} 18. g3 {[%emt 0:02:44]} Qd6 {[%emt 0:02:47]} 19. Nf5 {[%emt 0:02:01]} Qd5+ {[%emt 0:02:07]} 20. Kg1 {[%emt 0:01:31]} Qxa2 {[%emt 0:03:43]} 21. Ra1 {[%emt 0:05:54]} Qb3 {[%emt 0:01:06]} 22. Re7 {[%emt 0:01:34]} Rad8 {[%emt 0:02:18]} 23. Nd6 {[%emt 0:05:59]} Qxb2 {[%emt 0:01:51]} 24. Rxa7 {[%emt 0:02:50]} Nb6 {[%emt 0:00:59]} 25. Nxb7 {[%emt 0:00:27]} Ra8 {[%emt 0:00:44]} 26. Nd6 {[%emt 0:01:03]} Rxa7 {[%emt 0:00:21]} 27. Rxa7 {[%emt 0:00:22]} Nd5 {[%emt 0:00:27]} 28. Nf5 {[%emt 0:00:41]} Nxc3 {[%emt 0:00:33]} 29. Ne7+ {[%emt 0:00:43]} Kh8 {[%emt 0:00:22]} 30. Nxc6 {[%emt 0:00:22]} Qc1+ {[%emt 0:00:34]} 31. Kg2 {[%emt 0:00:40]} Nd5 {[%emt 0:00:30]} 32. Na5 {[%emt 0:00:40]} g6 {[%emt 0:00:33]} 33. Qb3 {[%emt 0:00:44]} Qg5 {[%emt 0:00:33]} 34. Nc6 {[%emt 0:00:30]} Nf4+ {[%emt 0:00:34]} 35. Kh2 {[%emt 0:00:23]} Ne2 {[%emt 0:00:31]} 36. Rxf7 {[%emt 0:00:34]} Re8 {[%emt 0:00:29]} 37. Rxh7+ {[%emt 0:00:34]} Kxh7 {[%emt 0:00:25]} 38. Qf7+ {[%emt 0:00:22]} Kh6 {[%emt 0:00:24]} 39. Qxe8 {[%emt 0:00:22]} Qb5 {[%emt 0:00:40]} 40. Qh8+ {[%emt 0:00:41]} Kg5 {[%emt 0:00:22]} 41. Qh4+ {[%emt 0:00:27]} 1-0

[Event "Balkan Youth Online-ch 2020"]
[Site "Online"]
[Date "2020.10.31"]
[Round "2.87"]
[White "Ivanovic, Tara"]
[Black "Sural, Ceren"]
[Result "0-1"]
[WhiteElo "1283"]
[BlackElo "1686"]
[Annotator "NA RC"]
[PlyCount "66"]
[EventDate "2020.10.31"]
[EventType "swiss"]
[SourceTitle "playchess.com"]
[Source "ChessBase"]
[SourceQuality "1"]
[TimeControl "5400+30"]

1. e4 {[%emt 1:05:20]} c5 {[%emt 1:05:25]} 2. Nf3 {[%emt 0:00:25]} d6 {[%emt 0:00:24]} 3. c4 {[%emt 0:00:25]} Nc6 {[%emt 0:00:48]} 4. Nc3 {[%emt 0:00:27]} Bg4 {[%emt 0:00:47]} 5. g3 {[%emt 0:00:49]} e6 {[%emt 0:01:51]} 6. d3 {[%emt 0:00:31]} Nd4 {[%emt 0:01:40]} 7. Bg2 {[%emt 0:00:51]} Qf6 {[%emt 0:00:50]} 8. Bg5 {[%emt 0:00:46]} Nxf3+ {[%emt 0:00:47]} 9. Kf1 {[%emt 0:00:29]} Nxh2+ {[%emt 0:01:12]} 10. Rxh2 {[%emt 0:00:23]} Bxd1 {[%emt 0:00:31]} 11. Bxf6 {[%emt 0:00:22]} Nxf6 {[%emt 0:00:38]} 12. Rxd1 {[%emt 0:00:22]} Rb8 {[%emt 0:00:42]} 13. Bf3 {[%emt 0:00:42]} Nd7 {[%emt 0:00:38]} 14. Kg2 {[%emt 0:00:26]} Be7 {[%emt 0:00:36]} 15. Rhh1 {[%emt 0:00:22]} a6 {[%emt 0:00:34]} 16. a4 {[%emt 0:00:43]} Bd8 {[%emt 0:01:00]} 17. d4 {[%emt 0:01:13]} Bf6 {[%emt 0:01:25]} 18. d5 {[%emt 0:01:35]} Ke7 {[%emt 0:01:18]} 19. dxe6 {[%emt 0:00:29]} fxe6 {[%emt 0:00:22]} 20. Rhe1 {[%emt 0:00:27]} Bxc3 {[%emt 0:00:45]} 21. bxc3 {[%emt 0:00:23]} Nb6 {[%emt 0:00:25]} 22. Rd3 {[%emt 0:00:34]} Nxc4 {[%emt 0:00:36]} 23. Rb1 {[%emt 0:00:29]} Rhf8 {[%emt 0:01:07]} 24. Rdd1 {[%emt 0:01:29]} Ne5 {[%emt 0:02:44]} 25. Be2 {[%emt 0:00:32]} Nd7 {[%emt 0:01:49]} 26. Rd2 {[%emt 0:00:37]} Nf6 {[%emt 0:00:36]} 27. f3 {[%emt 0:00:29]} d5 {[%emt 0:00:53]} 28. exd5 {[%emt 0:00:50]} exd5 {[%emt 0:01:02]} 29. Rdb2 {[%emt 0:00:24]} Rfd8 {[%emt 0:02:36]} 30. Bxa6 {[%emt 0:00:56]} Ra8 {[%emt 0:01:50]} 31. Rxb7+ {[%emt 0:00:58]} Kf8 {[%emt 0:00:40]} 32. Bb5 {[%emt 0:00:59]} Ne8 {[%emt 0:01:42]} 33. Rc7 {[%emt 0:00:40]} Nxc7 {[%emt 0:00:25]} 0-1

[Event "Balkan Youth Online-ch 2020"]
[Site "Online"]
[Date "2020.10.31"]
[Round "2.89"]
[White "Srdanovic, Jovana"]
[Black "Lupascu, Diana-Elena"]
[Result "1-0"]
[WhiteElo "2144"]
[BlackElo "1668"]
[Annotator "TA"]
[PlyCount "71"]
[EventDate "2020.10.31"]
[EventType "swiss"]
[SourceTitle "playchess.com"]
[Source "ChessBase"]
[SourceQuality "1"]

{[%evp 13,70,53,43,-3,52,50,46,45,52,13,48,44,59,37,54,39,50,50,36,4,13,5,14,11,31,31,64,67,58,0,0,0,72,18,113,102,161,154,108,107,192,75,103,108,473,445,397,219,169,0,29987,29988,29988,29989,29993,29986,29994,29995,29999]} 1. d4 Nf6 2. c4 e6 3. Nc3 c5 4. d5 exd5 5. cxd5 d6 6. e4 g6 7. f4 Bg7 8. Nf3 {A66: Modern Benoni: Mikenas Attack.} Bg4 (8... O-O $11) 9. Bb5+ Nfd7 $1 10. O-O {White is slightly better.} O-O 11. a4 a6 {[#]} 12. Bd3 $146 ({Predecessor:} 12. Be2 Re8 13. h3 Bxf3 14. Bxf3 Bd4+ 15. Kh2 b6 16. Qd3 Ra7 17. Be3 Bxe3 18. Qxe3 {1-0 (40) Richardson,R (1951)-Chen,C (2000) Toronto 2001}) 12... Qc7 13. Qe2 Re8 14. h3 Bxf3 15. Rxf3 Nf6 16. Bd2 Nbd7 17. Re1 Rac8 18. b3 Nb6 (18... c4 $5 19. Bxc4 (19. bxc4 Nc5 $11) 19... Nb6 $11) 19. Bc4 Nxe4 20. Nxe4 f5 21. Qd3 ({White should try} 21. Re3 $14 fxe4 22. Rxe4 Bd4+ 23. Kh2 Rxe4 24. Qxe4) 21... fxe4 $11 22. Rxe4 {Threatens to win with Ba5.} Nd7 (22... Qd7 $11 {keeps the balance.}) 23. Kh1 (23. Re6 $16) 23... Nf6 (23... Rxe4 $11 {remains equal.} 24. Qxe4 Nf6) 24. Re6 $16 Rcd8 (24... Rxe6 $16 {might work better.} 25. dxe6 Kh8) 25. Rfe3 $18 Rxe6 26. Rxe6 Re8 (26... Nd7 $16) 27. Qe3 (27. f5 $18 {and White stays clearly on top.}) 27... Qd7 28. Bc3 Rf8 $2 {[%mdl 8192]} (28... Rxe6 $16 29. dxe6 Qe7) 29. Re7 {Hoping for Bxf6.} Qf5 30. Rxb7 (30. Bd3 $142 Qh5 31. Qe6+ (31. Rxg7+ Kxg7 32. Qe7+ {[%mdl 64] Double Attack} Kg8 $18) 31... Kh8 32. Bc2) 30... Re8 31. Rxg7+ $2 ({White should play} 31. Re7 $18 Rxe7 32. Qxe7 Qxf4 33. Bxa6 (33. Qd8+ Kf7 $16)) 31... Kxg7 $4 {[%mdl 8192] [#]} (31... Kf8 $11 32. Qg3 (32. Be5 Kxg7 33. Bxf6+ Kf7 $11) 32... Nh5) 32. Qxe8 $1 {White mates.} Qxf4 33. Qe7+ Kh6 34. Qxf6 Qc1+ {[#]} 35. Kh2 $1 {[%cal Rf6h4]} a5 36. Qh4# {Av CentiPawn Loss W=-29/B=-67. Weighted=-33/-56} 1-0